Islamische Kunst : Meisterwerke aus dem Metropolitan Museum of Art, New York = The arts of Islam : masterpieces from the Metropolitan Museum of Art, New York.

Bibliographic Details
Corporate Authors: Metropolitan Museum of Art (New York, N.Y.), Museum für Islamische Kunst (Berlin, Germany)
Format: Book
Language:German
English
Published: Berlin : Edition "Kunstbuch Berlin" ; [1982]
Subjects:

MARC

Tag First Indicator Second Indicator Subfields
LEADER 00000cam a2200000 a 4500
001 in00000565613
005 20151014064253.0
008 831013s1982 wb a cb 00010 ger
010 |a  83187478  
020 |a 3792502801 
020 |a 0810906996 (Abrams) 
035 |a (OCoLC)10100528 
035 |9 ACN5574AM 
039 0 |a 2  |b 3  |c 3  |d 3  |e 3 
040 |a DLC  |c DLC  |d TXA  |d UtOrBLW 
041 0 |a ger  |a eng 
043 |a a------  |a n-us-ny 
049 |a TXAM 
050 0 0 |a N6263.N4  |b N47 1982 
082 0 |a 709/.17/671074031554  |2 19 
110 2 |a Metropolitan Museum of Art (New York, N.Y.) 
245 1 0 |a Islamische Kunst :  |b Meisterwerke aus dem Metropolitan Museum of Art, New York = The arts of Islam : masterpieces from the Metropolitan Museum of Art, New York. 
246 3 1 |a Arts of Islam  
264 1 |a Berlin :  |b Edition "Kunstbuch Berlin" ;  |c [1982] 
264 2 |a New York :  |b Distributed by Harry N. Abrams, 
264 4 |c ©1982 
300 |a 339 pages :  |b illustrations (some color) ;  |c 28 cm. 
336 |a text  |b txt  |2 rdacontent 
337 |a unmediated  |b n  |2 rdamedia 
338 |a volume  |b nc  |2 rdacarrier 
500 |a English and German. 
500 |a "Dieser Katalog wurde in Verbindung mit der Ausstellung 'Islamische Kunst' des Museums fur Islamische Kunst (Staatliche Museen Preussischer Kulturbesitz) Berlin, Juni bis August 1981, veroffentlicht"--Title page verso. 
504 |a Bibliography: pages 338-339. 
610 2 0 |a Metropolitan Museum of Art (New York, N.Y.)  |x Exhibitions. 
650 0 |a Islamic art  |v Exhibitions. 
710 2 |a Museum für Islamische Kunst (Berlin, Germany) 
740 0 |a Arts of Islam. 
999 |a MARS 
999 f f |s 6cf452de-c80e-3003-b1d3-1616df08e548  |i 71c9bb28-719f-34aa-a66a-15573a7d2d16  |t 0 
952 f f |p ric  |a Texas A&M University  |b Rellis Campus  |c Joint Library Facility  |d Remote Storage  |t 0  |e N6263.N4 N47 1982  |h Library of Congress classification  |i unmediated -- volume  |m A14808390294 
998 f f |a N6263.N4 N47 1982  |t 0  |l Remote Storage